| 000 | 00396nam a2200133Ia 4500 | ||
|---|---|---|---|
| 008 | 170516s9999 xx 000 0 und d | ||
| 245 | _aNeutron therapy: Radiation biology and treatment of cancers | ||
| 260 | _bJournal of Radiobiology | ||
| 260 | _c2014 | ||
| 300 | _a1:2 | ||
| 650 | _xRadiologic Technology | ||
| 650 | _xRadtech | ||
| 856 | _uhttp://nikanrescorp.com/index.php/JRB/issue/view/5 | ||
| 999 |
_c332668 _d332668 |
||